Państwa położone najdalej od morza - Statystyki

Ogólne statystyki
  • Ten quiz został rozwiązany 78 razy
  • Średni wynik to 16 z 20
Statystyki odpowiedzi
km Kontynent Państwo % Poprawnych
733 Azja Kazachstan
94%
1589 Azja Kirgistan
94%
697 Azja Mongolia
94%
1288 Azja Tadżykistan
94%
1174 Azja Uzbekistan
94%
885 Azja Turkmenistan
92%
757 Afryka Czad
91%
510 Azja Nepal
85%
480 Azja Bhutan
83%
587 Afryka Niger
82%
582 Ameryka Paragwaj
80%
969 Afryka Rwanda
76%
449 Azja Afganistan
74%
556 Afryka Republika Środkowoafrykańska
73%
764 Afryka Sudan Południowy
73%
597 Afryka Zambia
73%
759 Afryka Uganda
67%
932 Afryka Burundi
65%
452 Afryka Botswana
62%
477 Afryka Burkina Faso
62%
Nie znaleziono quizów pasujących do podanych kryteriów
Rozkład punktacji
Procent ludzi z każdym wynikiem
Percentyl według liczby udzielonych odpowiedzi
Twoja historia wyników
Nie rozwiązałeś tego quizu